[Event "Krakow op-A 25th"]
[Site "Krakow"]
[Date "2015.01.03"]
[Round "8"]
[White "Jakubiec, Edyta"]
[Black "Angelousis, Athanaslos"]
[Result "1-0"]
[WhiteElo "2184"]
[BlackElo "2068"]
[PlyCount "85"]
[EventDate "2014.12.27"]
[EventType "swiss"]
[EventRounds "9"]
[EventCountry "POL"]
[SourceTitle "CBM 164 Extra"]
[Source "ChessBase"]
[SourceDate "2015.03.02"]
[SourceVersion "1"]
[SourceVersionDate "2015.03.02"]
[SourceQuality "1"]

1. e4 e6 2. d4 d5 3. Nc3 Bb4 4. e5 c5 5. a3 Bxc3+ 6. bxc3 Ne7 7. Qg4 Kf8 8. a4 Qc7 9. Qd1 b6 10. Nf3 Nbc6 11. Bb2 Bd7 12. Be2 Na5 13. 0-0 cxd4 14. cxd4 Nc4 15. Bc1 Rc8 16. Bd3 f6 17. exf6 gxf6 18. Nh4 Ng6 19. Bxg6 hxg6 20. Nxg6+ Kf7 21. Bf4 Qd8 22. Nxh8+ Qxh8 23. Re1 Qh7 24. Ra2 Qg6 25. Qf3 Rg8 26. Bg3 Rc8 27. Qf4 Ke7 28. h3 Qh7 29. Re2 Qg6 30. Ra1 a5 31. Qf3 Kf7 32. Rae1 Re8 33. Qb3 Rc8 34. Qf3 Re8 35. Ra1 Rc8 36. Qd3 Qg7 37. Ree1 Rg8 38. Qf3 Rc8 39. Red1 Qg6 40. Ra2 Qh7 41. Rd3 Qg6 42. Qf4 Qh7 43. Bh4 1-0

[Event "Krakow op-A 25th"]
[Site "Krakow"]
[Date "2015.01.02"]
[Round "7"]
[White "Dubinski, Mateusz"]
[Black "Angelousis, Athanaslos"]
[Result "1-0"]
[WhiteElo "2223"]
[BlackElo "2068"]
[PlyCount "81"]
[EventDate "2014.12.27"]
[EventType "swiss"]
[EventRounds "9"]
[EventCountry "POL"]
[SourceTitle "CBM 164 Extra"]
[Source "ChessBase"]
[SourceDate "2015.03.02"]
[SourceVersion "1"]
[SourceVersionDate "2015.03.02"]
[SourceQuality "1"]

1. c4 e5 2. Nc3 d6 3. g3 f5 4. Bg2 Nf6 5. Nf3 Be7 6. 0-0 0-0 7. d4 e4 8. Ng5 h6 9. Nh3 g5 10. f3 exf3 11. exf3 c5 12. d5 Na6 13. f4 g4 14. Nf2 Nc7 15. Qc2 Rb8 16. a4 Na6 17. Nd3 Ne8 18. Nb5 Ra8 19. Be3 Bf6 20. Rab1 Qe7 21. Rfe1 Qg7 22. Bf2 Nac7 23. Nxc7 Qxc7 24. b4 cxb4 25. Nxb4 Bd7 26. Qb3 Qa5 27. Nc6 bxc6 28. dxc6 Bc8 29. c5+ Kg7 30. Rxe8 Rxe8 31. cxd6 Be6 32. Qb7+ Kg6 33. d7 Rg8 34. Re1 Bd5 35. Qb5 Qxb5 36. axb5 Bxg2 37. Kxg2 Rgd8 38. Rd1 Kf7 39. c7 Rg8 40. Bxa7 Ke6 41. b6 1-0

[Event "Krakow op-A 25th"]
[Site "Krakow"]
[Date "2014.12.28"]
[Round "2"]
[White "Angelousis, Athanaslos"]
[Black "Boricsev, Oleg"]
[Result "0-1"]
[WhiteElo "2068"]
[BlackElo "2365"]
[PlyCount "68"]
[EventDate "2014.12.27"]
[EventType "swiss"]
[EventRounds "9"]
[EventCountry "POL"]
[SourceTitle "CBM 164 Extra"]
[Source "ChessBase"]
[SourceDate "2015.03.02"]
[SourceVersion "1"]
[SourceVersionDate "2015.03.02"]
[SourceQuality "1"]

1. e4 c6 2. d4 d5 3. e5 c5 4. c3 cxd4 5. cxd4 Nc6 6. Nc3 Bf5 7. h4 h6 8. g4 Bd7 9. Be3 e6 10. a3 Nge7 11. Bd3 Nc8 12. Nge2 Be7 13. h5 Nb6 14. b3 a5 15. Na4 Na7 16. Nc5 Bc6 17. 0-0 Bxc5 18. dxc5 Nd7 19. Nd4 Nxe5 20. Be2 Nd7 21. b4 e5 22. Nf5 0-0 23. f4 d4 24. Bc1 Nb5 25. Bb2 axb4 26. axb4 Rxa1 27. Qxa1 Re8 28. Bc4 Nf6 29. fxe5 Rxe5 30. Nxd4 Nxd4 31. Bxd4 Re4 32. Bxf6 Rxg4+ 33. Kf2 Qd2+ 34. Be2 Rg2# 0-1

[Event "GRE-ch U20"]
[Site "Greece"]
[Date "2001.04.10"]
[Round "5"]
[White "Hondrogiannis, Sokratis"]
[Black "Angelousis, Athanaslos"]
[Result "1-0"]
[WhiteElo "1780"]
[BlackElo "2030"]
[PlyCount "80"]
[EventDate "2001.04.??"]
[EventType "swiss"]
[EventRounds "7"]
[EventCountry "GRE"]
[SourceTitle "EXT 2003"]
[Source "ChessBase"]
[SourceDate "2002.11.25"]
[SourceVersion "1"]
[SourceVersionDate "2002.11.25"]
[SourceQuality "1"]

1. e4 e6 2. d4 d5 3. Nd2 c5 4. Ngf3 cxd4 5. exd5 Qxd5 6. Bc4 Qd6 7. 0-0 Nf6 8. Nb3 Nc6 9. Nbxd4 Nxd4 10. Qxd4 Qxd4 11. Nxd4 Bd7 12. Bf4 Rc8 13. Bb3 Bc5 14. Rad1 0-0 15. c3 Rfd8 16. Bg5 Be8 17. Bxf6 gxf6 18. Nxe6 fxe6 19. Bxe6+ Bf7 20. Bxc8 Rxc8 21. Rd7 Bxa2 22. Rxb7 Bd5 23. Rd7 Bc6 24. Rd2 Kf7 25. Rfd1 Rg8 26. g3 Rb8 27. Ra1 Rb7 28. Re1 h5 29. b4 Be7 30. Ra1 Bb5 31. Rd4 Be2 32. Re1 Bf3 33. Re3 Bc5 34. Rxf3 Bxd4 35. cxd4 Rxb4 36. Ra3 Rxd4 37. Rxa7+ Kg6 38. Kg2 h4 39. Ra8 hxg3 40. hxg3 Ra4 1-0

[Event "GRE-ch U20"]
[Site "Greece"]
[Date "2001.04.08"]
[Round "2"]
[White "Angelousis, Athanaslos"]
[Black "Sigalas, Frangiskos"]
[Result "1/2-1/2"]
[WhiteElo "2030"]
[BlackElo "2130"]
[PlyCount "73"]
[EventDate "2001.04.??"]
[EventType "swiss"]
[EventRounds "7"]
[EventCountry "GRE"]
[SourceTitle "EXT 2003"]
[Source "ChessBase"]
[SourceDate "2002.11.25"]
[SourceVersion "1"]
[SourceVersionDate "2002.11.25"]
[SourceQuality "1"]

1. Nf3 e6 2. g3 f5 3. Bg2 Nf6 4. d3 Be7 5. 0-0 0-0 6. Nbd2 b6 7. Ne5 c6 8. e3 Qc7 9. f4 Bb7 10. Qe2 c5 11. b3 Bxg2 12. Qxg2 d5 13. c4 Nbd7 14. Bb2 Rad8 15. Ndf3 Nxe5 16. Nxe5 Bd6 17. h3 Bxe5 18. Bxe5 Qd7 19. Rad1 dxc4 20. bxc4 Qa4 21. g4 Rd7 22. gxf5 exf5 23. Kh2 g6 24. Qb2 Nh5 25. Rg1 Rfd8 26. Qe2 Kf7 27. e4 fxe4 28. f5 Rxd3 29. fxg6+ hxg6 30. Rdf1+ Ke6 31. Rxg6+ Kxe5 32. Rg5+ Kd4 33. Qb2+ Rc3 34. Qd2+ Rd3 35. Qb2+ Rc3 36. Qd2+ Rd3 37. Qb2+ 1/2-1/2

[Event "GRE-ch U20"]
[Site "Greece"]
[Date "2001.04.08"]
[Round "3"]
[White "Halkias, Alexandros"]
[Black "Angelousis, Athanaslos"]
[Result "1/2-1/2"]
[WhiteElo "2100"]
[BlackElo "2030"]
[PlyCount "71"]
[EventDate "2001.04.??"]
[EventType "swiss"]
[EventRounds "7"]
[EventCountry "GRE"]
[SourceTitle "EXT 2003"]
[Source "ChessBase"]
[SourceDate "2002.11.25"]
[SourceVersion "1"]
[SourceVersionDate "2002.11.25"]
[SourceQuality "1"]

1. d4 Nf6 2. Bg5 d6 3. Bxf6 gxf6 4. g3 c5 5. dxc5 Qa5+ 6. c3 Qxc5 7. Bg2 Nc6 8. Nd2 f5 9. Nb3 Qb6 10. Nf3 Bg7 11. e3 Bd7 12. 0-0 Bf6 13. a4 Be6 14. Nfd4 Nxd4 15. Nxd4 Bc4 16. Re1 e6 17. a5 Qc7 18. a6 d5 19. axb7 Qxb7 20. b3 Bb5 21. c4 Bd7 22. cxd5 exd5 23. Ra5 Be6 24. Rb5 Qd7 25. Ra5 0-0 26. Qd3 Rac8 27. Rea1 Rc7 28. Rd1 Rfc8 29. Nb5 Rc1 30. Bf1 Rxd1 31. Qxd1 Ra8 32. Ra6 Qb7 33. Nd4 Bxd4 34. exd4 Rb8 35. Ra3 Qb6 36. Qa1 1/2-1/2